000 00928nam a2200253Ia 4500
003 GCL
008 140319s9999 xx 000 0 ara d
040 _aGCL /
_cGCL
082 0 4 _a610.3
_bب ق
100 1 _aابن سينا: شرف الملك ابوعلى الحسين بن عبدالله الحسين على البخارى
245 1 0 _aالقانون فى الطب /
_cابن سينا: شرف الملك ابوعلى الحسين بن عبدالله الحسين على البخارى
260 _a[S.N] :
_bمؤسسة عز الدين للطباعة والنشر ،
_c1993
490 _a
650 0 4 _aالطب
650 0 4 _aالطب العربى
650 0 4 _aالادوية
650 0 4 _aالتراجم
650 0 4 _aالامراض
650 0 4 _aالعلوم عند العرب
650 0 4 _aالحضارة الاسلامية
650 0 4 _aالتشريح
650 0 4 _aابن سينا
942 _2ddc
_cBK
999 _c35000
_d35000